logo

Bir Sreshtho Munshi Abdur Rouf Library
Jhenaidah Cadet College

Schaum's outline of theory and problems of differential geometry / (Record no. 5621)

MARC details
000 -LEADER
fixed length control field 01143nam a2200325 a 4500
001 - CONTROL NUMBER
JCCL Control Number 5621
003 - CONTROL NUMBER IDENTIFIER
JCCL marc code UkOxU
005 - DATE AND TIME OF LATEST TRANSACTION
control field 20171219085054.0
008 - FIXED-LENGTH DATA ELEMENTS--GENERAL INFORMATION
fixed length control field 500101s1969 nyu 001 0 eng d
020 ## - INTERNATIONAL STANDARD BOOK NUMBER
International Standard Book Number 0070379858
035 ## - SYSTEM CONTROL NUMBER
system control number (BD-JhCC)5621
040 ## - CATALOGING SOURCE
Original cataloging agency BD-JhCC
Modifying agency BD-JhCC
041 ## - LANGUAGE CODE
Language code of Book eng
082 ## - DEWEY DECIMAL CLASSIFICATION NUMBER
Classification number 516.36
Author mark and Year LIP 1969
100 1# - MAIN ENTRY--PERSONAL NAME
Personal name Lipschutz, Martin M.
245 10 - TITLE STATEMENT
Title Schaum's outline of theory and problems of differential geometry /
Statement of responsibility, etc by Martin M. Lipschutz
260 ## - PUBLICATION, DISTRIBUTION, ETC. (IMPRINT)
Place of publication, distribution, etc New York :
Name of publisher, distributor, etc McGraw-Hill,
Date of publication, distribution, etc c1969
300 ## - PHYSICAL DESCRIPTION
Pagination 269 p :
Other physical details ill ;
Dimensions 27 cm
490 1# - SERIES STATEMENT
Series statement Schaum's outline series. Schaum's outline series in mathematics
500 ## - GENERAL NOTE
General note Cover title: Theory and problems of differential geometry
500 ## - GENERAL NOTE
General note Including 500 solved problems completely solved in detail
500 ## - GENERAL NOTE
General note Spine title: Differential geometry
650 #0 - SUBJECT ADDED ENTRY--TOPICAL TERM
Topical term or geographic name as entry element Geometry, Differential
General subdivision Problems, exercises, etc.
740 0# -
Uncontrolled related/analytical title Differential geometry
740 0# -
Uncontrolled related/analytical title Outline theory and problems of differential geometry
740 0# -
Uncontrolled related/analytical title Theory and problems of differential geometry
830 #0 - SERIES ADDED ENTRY--UNIFORM TITLE
Uniform title Schaum's outline series.
942 ## - ADDED ENTRY ELEMENTS (KOHA)
Source of classification or shelving scheme Dewey Decimal Classification
Koha item type Books
Holdings
Source of classification or shelving scheme Damaged status Not for loan Home library Current library Shelving location Total Checkouts Full call number Barcode Date last seen Copy number Koha item type
Dewey Decimal Classification     JCC Rouf Library JCC Rouf Library General Stacks   516.36 LIP 1969 7810 12/19/2017 C - 1 Books

JCC Library | Contacts | JCC Home

Last Update on 23 September 2017
Copyright @ 2017-2020 JCC Rouf Library
Rouf Library, Jhenidah Cadet College (JCC), Bangladesh